Find the Kpop song based on the lyrics - Statistics

General Stats
  • This quiz has been taken 326 times
  • The average score is 25 of 37
Answer Stats
Lyrics Artist or name of the song % Correct
I gave a second chance to Cupid
But now I'm left here feelin' stupid
Oh, the way he makes me feel that love isn't real
Cupid is so dumb
FIFTY FIFTY - Cupid
99%
Queencard, I'm hot My boob and booty is hot Spotlight nal bwa I'm a star, star, star Queencard, I'm the top I'm twerkin' on the runway I am a queencard You wanna be the queencard? (G)I-DLE - Queencard
96%
Monday, Tuesday, Wednesday, Thursday, Friday, Saturday, Sunday (A week)
Monday, Tuesday, Wednesday, Thursday, Friday
Seven days a week
Every hour, every minute, every second
You know night after night
I'll be lovin' you right
Seven days a week
Jungkook - Seven
95%
We can go wherever you like Baby, say the words and I'm down All I need is you on my side We can go whenever you like Now, where are you? (Mm-mhm) What's your ETA? What's your ETA? (Mm-mhm-mm) What's your ETA? What's your ETA? (Mm-mhm) *What's your ETA? What's your ETA?* *I'll be there right now, lose that boy on her arm* NewJeans - ETA
94%
Love me like this, love me like that Love me like this, love me like that Love me like this, love me like that Love me like this and I love you right back (Right back) Love me like this, love me like that Love me like this, love me like that Love me like this, love me like that Love me like this and I love you right back NMIXX - Love Me Like This
93%
Let's kill this love! Yeah-yeah, yeah-yeah, yeah-yeah Prum, pum, pum, pum, pum, pum, pum Let's kill this love! Prum, pum, pum, pum, pum, pum, pum BLACKPINK - Kill This Love
90%
I'm on the next level Jeo neomeoui muneul yeoreo Next level neol gyeolgugen naega busyeo Next level, KOSMOe daeul ttaekkaji Next level jekkyeora jekkyeora jekkyeora aespa - Next Level
87%
Bang! bang! bang! Bang! bang! bang! Ppangya, ppangya, ppangya Bang! bang! bang! Bang! bang! bang! Ppangya, ppangya, ppangya BIGBANG - BANG BANG BANG
84%
Wa-da-da-da Running vroom-vroom-vroom Likе a supersonic (Let's go) Wa-da-da, wa-da-da, dallyeo (Right now) Mami kungkungkung ttwieo michin deusi Wa-da-da, wa-da-da Kep1er - WA DA DA
83%
I'm a, I-I'm a I'm a mother father gentleman I'm a, I-I'm a I'm a mother father gentleman PSY - Gentleman
82%
It's you and me in this world Naegero dasi wa, tie me Nal guwonhal georamyeon Just come kiss me and bite me (Oh, babe) It's you and me in this world I eodum sogeseo light me (Woo-ooh) Gihoereul jul georamyeon Just come kiss me and bite me, yeah-eh-eh ENHYPEN - Bite Me
81%
Knock, knock, knock, knock, knock, knock, knock, knock
Knock, knock, knock, knock, knock, knocking on your heart
Knock, knock, knock, knock, knock, knock, knock, knock
Knock, knock, knock, knock, knock, knocking on your heart
LEE CHAE YEON - KNOCK
80%
Tell me what you want Tell me what you need A to Z, da malhaebwa But sijageun ireoke hae Talk that talk, ttak han madi Talk that talk, L-O-V-E Deullyeojwo, ooh Now, now, now, now, now, yeah (Yeah, turn it up) TWICE - Talk That Talk
80%
Poppy, poppy Pop-poppy, poppy, poppy, love, love Poppy, poppy Pop-poppy, poppy, poppy, love, love Poppy, poppy Pop-poppy, poppy, poppy, love, love Poppy, poppy Pop-poppy, poppy, poppy, love, love STAYC - POPPY
77%
Honeul ssok ppaenochi
Makе it move, left and right
Geuge nugudeunji
Make it move, left and right
Du maenbari uri gasollin, yeah, yeah
Ije gaja, are you ready? Yeah, yeah, yeah
*Okay, let's go!* Run bulletproof, run, yeah, you gotta run (Run, run) Run bulletproof, run, yeah, you gotta run (Run, run) Run bulletproof, run, yeah, you gotta run (Run, run) Run bulletproof, run
BTS - RUN BTS
75%
W-A-V-E I see you're falling deep for me Baby, yes, I'm all you'll need Ride the W-A-V-E Boy, you can come with me Kitto kimi to watashi Kizuiteru our love breeze Ride the W-A-V-E IVE - WAVE
75%
Bam-bam, ba-ra, bam-ba-ram, ba-ra Baro oneuriya It's your birthday, birthday (Birthday) Bam-bam, ba-ra, bam-ba-ram, ba-ra On sesangi shine and so icy, icy Red Velvet - Birthday
72%
Mm, I'm not cool I'm not cool I'm not Ppeonhae, that's so funny (Yeah) Ppеonhae, that's so funny (Yeah) HyunA - I’m Not Cool
70%
I want nobody, nobody, but you I want nobody, nobody, but you Nan dareun sarameun sileo Niga animyeon sileo I want nobody, nobody, nobody, nobody Wonder Girls - Nobody
69%
Naega jeil jal naga Naega jeil jal naga Naega jeil jal naga Naega jeil jal naga Je-je-jeil jal naga 2NE1 - I Am The Best
67%
Why do I keep getting attracted? Jaseok gachi kkeullyeoga (Oh) I cannot explain this reaction Igeotbakke one-four-three (Oh) Why do I keep getting attracted? Ne moseumman tteoolla (Oh) I cannot explain this emotion One-four-three, I love you Stray Kids - CASE 143
67%
Nan ne mеori kkokdaegieseo chumchwo you dumb, dumb Yеonghonkkaji kkeureo tteoneun naesung Gyeolguk ige da neol wihangeoya Dumb, dumb, dumb Sunsuhan nae nunbitbogo janmeori gullijimalgo Let's play, dumb, dumb, dumb SOMI - DUMB DUMB
66%
Dadeul blah, blah Cham mal manha nan gwaenchanha Gyesog blah, blah They keep talkin' I keep walkin' (Dadeul blah blah) Cham mal manha nan gwaenchanha (Gyesog blah, blah) They keep talkin' I keep walkin' ITZY - ICY
64%
Michyeoga Neowa nuni majuchin sungan Meomchul suga eopji nan Kkеuchi eomneun galjeungеul neukkyeo Know you get déjà vu ATEEZ - Deja Vu
61%
Nae yeongwoni dwaejwo nae ireum bulleojwo
Run away, run away, run away with me
Sesangui kkeuteseo forever together
Run away, baby naege daedab haejwo
TOMORROW X TOGETHER - Run Away
61%
I just wanna dun-dun-dance Dun-dun-dance, dun-dun-dance (*With you!*) Oh, baby, give me, baby, give me, baby, give me more Nal meomchuji ma love this song Just wanna dun-dun-dance Dun-dun-dance, dun-dun-dance (*With you!*) Just dance, just dance (Just dance, just dance; *With you!*) OH MY GIRL - Dun Dun Dance
59%
Listen, I'm the one and only One and only Nameojineun eopji byeol boril Ke-ke-ke-ke-keep ballin' Listen, I'm the one and only BOYNEXTDOOR - One and Only
57%
I can do this all day Back it up, back it up (Yeah) Seodulleo hit that line (Woo) Sigan akkawo akkawo (You should) Pillyo eopseo no more sign, yeah Nega eodie itdeon I can find ya' It's gonna be alright Soneul matdae make a wish NCT U - Make A Wish (Birthday Song)
55%
Machi cheongugui déjà vu
Jigeumbuteo nan neol manna interview
Nega wonhan modeun geol da jul suga isseo
Neoui eoduun moseupkkajido
Come, come into my world
Won't let you down
Won't let you down
Naegero wa
In my, in my, in my new world
SEVENTEEN - _WORLD
51%
Boom, boom, boom Nae simjangi ttwine Get it like boom-boom-boom Get it like boom-boom-boom (Boom-boom, now) Boom, boom, boom Nae simjangi ttwine Get it like boom-boom-boom Get it like boom-boom-boom LE SSERAFIM - Eve, Psyche & The Bluebeard’s wife
47%
Gieokhanayo uri hamkke haetdeon sigan L.O.V.E LUV Seolleinayo han ttaen modeun geosieotdeon L.O.V.E LUV Ijeneun gakkeum saenggangnaneun geuttae L.O.V.E LUV Siganeul doedollil suneun eomnayo Apink - LUV
44%
Oh I'm curious yeah Sajin sok niga sungan miso jieo wae Oh I’m so curious yeah (Yeah yeah) I'm so curious yeah SHINee - Sherlock
44%
We gon’ drop it like a bomb We gon’ drop it like a bomb Boom boom boom boom boom (So get ready now) Gamdanghagettamyeon teoteuryeobwa I’m your fantasy (Igeon nawa gateun bomb) Jujeohaji malgo soril nopyeo It’s your melody Aju mani dareun AleXa - Bomb
40%
You better know I'm a creature 'Cause I'm a creature Just run away I'm a creature You're scared of me, right? Ooh, nareul boneun neoui nunbichi Al su eopseo daeche museun maeumin geonji Ooh, ne aneseo nal pureonwa Already, I'm born again E’LAST - Creature
35%
Saranghae neol i neukkim idaero Geuryeo watdeon hemaeimui kkeut I sesang sogeseo banbokdoeneun Seulpeum ijen annyeong Sumaneun al su eomneun gil soge Huimihan bicheul nan jjochaga Eonjekkajirado hamkkehaneun geoya Dasi mannan naui segye Girls’ Generation - Into the New World
24%
Kkaego buditchyeoya hae Uril bol su itdorok Keuge sorichyeoya hae (Ah) Meolli beonjyeogadorok, oh-oh Yeorin bitdeuri beonjyeoga Gin eodumeul da moranaen sungan Dasi kkaeeonaya hae, uh Saerowojin achime, oh-oh (Oh) EXO - The Eve
22%
Handamyeon haneun nom geuge na (Wo-o-oh)
Silheun geon silhdago malhal juldo (Wo-o-oh)
Arayaji ne mamdaero
Hago sipeun geon geochimeopsi da hae
Geochimeopsi nan georeogaji, yeah
Geochimeopsi nan dallyeogaji, yeah
Geochimeopsi nan naragaji, yeah
Geochimeopsi deo geochimeopsi, yeah
BOOSEOKSOON - Just Do It
15%
No matching quizzes found
Score Distribution
Percent of People with Each Score
Percentile by Number Answered
Your Score History
You have not taken this quiz